Carregant...

The Ali Rajas of Cannanore

Dades bibliogràfiques
Autor principal: Kurup, K K N
Format: Printed Book
Publicat: Trivandrum, College Book House 1975
Matèries:
LEADER 004580000a22001570004500
082 |a 954.83 L5 
100 |a Kurup, K K N 
245 |a The Ali Rajas of Cannanore 
260 |a Trivandrum, College Book House 
260 |c 1975 
465 |a R 25 
650 |a Ancient Kerala 
650 |a History 
942 |c BK 
999 |c 17437  |d 17437 
952 |0 0  |1 0  |4 0  |6 954_830000000000000_L5  |7 0  |8 ENG  |9 17241  |a MGUL  |b MGUL  |d 2013-07-16  |e R 25  |l 0  |o 954.83 L5  |p 15625  |r 2013-07-16  |w 2013-07-16  |y BK